Những bài thuốc kinh nghiệm đơn giản của Hải Thượng Lãn Ông; T2
Sách sưu tập 2000 phương thuốc kinh nghiệm hầu hết đều đơn giản, dễ áp dụng, dễ trị liệu hằng trăm loại bệnh tật thông thường hoặc nan y.
Gorde:
| Egile nagusia: | |
|---|---|
| Formatua: | Liburua |
| Hizkuntza: | Undetermined |
| Argitaratua: |
Đà Nẵng
Nxb. Đà Nẵng
2000
|
| Gaiak: | |
| Etiketak: |
Etiketa erantsi
Etiketarik gabe, Izan zaitez lehena erregistro honi etiketa jartzen!
|
| Thư viện lưu trữ: | Trung tâm Học liệu Trường Đại học Cần Thơ |
|---|
| LEADER | 00882nam a2200181Ia 4500 | ||
|---|---|---|---|
| 001 | CTU_40432 | ||
| 008 | 210402s9999 xx 000 0 und d | ||
| 082 | |a 615.882 | ||
| 082 | |b H103/T2 | ||
| 100 | |a Hải Thượng Lãn Ông | ||
| 245 | 0 | |a Những bài thuốc kinh nghiệm đơn giản của Hải Thượng Lãn Ông; T2 | |
| 245 | 0 | |c Hải Thượng Lãn Ông ; Trần Phước Thuận ( biên dịch ) | |
| 260 | |a Đà Nẵng | ||
| 260 | |b Nxb. Đà Nẵng | ||
| 260 | |c 2000 | ||
| 520 | |a Sách sưu tập 2000 phương thuốc kinh nghiệm hầu hết đều đơn giản, dễ áp dụng, dễ trị liệu hằng trăm loại bệnh tật thông thường hoặc nan y. | ||
| 650 | |a folk medicine - formulae, receipts, prescriptions | ||
| 980 | |a Trung tâm Học liệu Trường Đại học Cần Thơ | ||